[Event "XVII C.to Mondiale ICCD a squadre"]
[Site "Abbazia CRO"]
[Date "2014.06.26"]
[Round "8.4"]
[White "Gardner, Phillip K."]
[Black "Grudina, Marco"]
[WhiteElo "1774"]
[BlackElo "1756"]
[Result "1-0"]
[Annotator "ITA-ENG"]
[PlyCount "69"]
[EventDate "2014.06.19"]

1. e4 e5 2. Nf3 Nc6 3. Bc4 Bc5 4. c3 Nf6 5. d4 exd4 6. cxd4 Bb4+ 7. Bd2 Bxd2+
8. Nbxd2 d5 9. exd5 Nxd5 10. Qb3 Na5 11. Qa4+ Nc6 12. Qb3 Na5 13. Qa4+ Nc6 14.
Ne5 O-O 15. Bxd5 Qxd5 16. Nxc6 bxc6 17. O-O Rd8 18. Nf3 Bb7 19. Rac1 Rd6 20.
Rc5 Qe6 21. Re1 Qf6 22. Qxa7 Re6 23. Qxb7 Rxe1+ 24. Nxe1 Re8 25. Re5 Rd8 26.
Qxc7 h6 27. Nf3 Rf8 28. Re1 Qg6 29. Qb6 Qc2 30. Qb3 Qg6 31. Ne5 Qd6 32. Qc4 g6
33. Nxc6 Rc8 34. Ne7+ Qxe7 35. Qxc8+ 1-0

[Event "XVII C.to Mondiale ICCD a squadre"]
[Site "Abbazia CRO"]
[Date "2014.06.27"]
[Round "9.1"]
[White "Cimesa, Rajko"]
[Black "Collutiis, Duilio"]
[WhiteElo "2020"]
[BlackElo "2471"]
[Result "0-1"]
[Annotator "ITA-SRB"]
[PlyCount "100"]
[EventDate "2014.06.19"]

1. Nf3 Nf6 2. g3 g6 3. Bg2 Bg7 4. O-O O-O 5. c4 d6 6. d4 c6 7. Nc3 Qa5 8. h3
Qa6 9. b3 b5 10. cxb5 cxb5 11. a4 bxa4 12. bxa4 Nbd7 13. Nb5 Rb8 14. Ba3 Bb7
15. e3 Bc6 16. Nc3 Nb6 17. a5 Nc4 18. Qd3 Bb7 19. Rfb1 Nxa3 20. Qxa6 Bxa6 21.
Rxb8 Rxb8 22. Rxa3 e6 23. Bf1 Bxf1 24. Kxf1 Bf8 25. Nd2 Ne8 26. Rb3 Rxb3 27.
Nxb3 Nc7 28. Ke2 Be7 29. Kd3 Kf8 30. e4 d5 31. exd5 exd5 32. Na4 Bb4 33. Nac5
Ke7 34. f4 Kd6 35. Nb7+ Ke7 36. N7c5 Nb5 37. Ke3 Nd6 38. a6 Nf5+ 39. Kd3 Nxg3
40. Na4 Nh5 41. Nb6 Kd6 42. Nc8+ Kc7 43. Nxa7 Kb6 44. Nc8+ Kxa6 45. Nc5+ Bxc5
46. dxc5 Nxf4+ 47. Kd4 Kb7 48. Ne7 Nxh3 49. Kxd5 Kc7 50. c6 h5 0-1

[Event "XVII C.to Mondiale ICCD a squadre"]
[Site "Abbazia CRO"]
[Date "2014.06.27"]
[Round "9.2"]
[White "Deancovich, Patrizio"]
[Black "Klasan, Vladimir"]
[WhiteElo "1579"]
[BlackElo "2333"]
[Result "0-1"]
[Annotator "ITA-SRB"]
[PlyCount "26"]
[EventDate "2014.06.19"]

1. e4 c5 2. Nf3 e6 3. Nc3 a6 4. g3 d6 5. d4 cxd4 6. Nxd4 Nf6 7. Nf3 Qc7 8. Bg2
b5 9. a3 Bb7 10. Qe2 Nbd7 11. b4 Qxc3+ 12. Nd2 Qxa1 13. c3 Qxc1+ 0-1

[Event "XVII C.to Mondiale ICCD a squadre"]
[Site "Abbazia CRO"]
[Date "2014.06.27"]
[Round "9.3"]
[White "Moldovanovic, Dragan"]
[Black "Pasquotto, Mirko"]
[WhiteElo "2034"]
[BlackElo "1869"]
[Result "0-1"]
[Annotator "ITA-SRB"]
[PlyCount "69"]
[EventDate "2014.06.19"]

1. Nf3 Nf6 2. c4 g6 3. Nc3 Bg7 4. e4 d6 5. d4 O-O 6. Be2 Nbd7 7. O-O e5 8. d5
a5 9. Ne1 Nc5 10. f3 Nh5 11. Nd3 b6 12. Nxc5 bxc5 13. a3 Nf4 14. Rb1 f5 15. g3
Nxe2+ 16. Qxe2 fxe4 17. Nxe4 Rb8 18. b3 Bd7 19. Bd2 a4 20. b4 cxb4 21. Bxb4 Qc8
22. Nc3 Qa6 23. Kg2 Qc8 24. Rfe1 g5 25. Qf2 g4 26. Ne4 Rxf3 27. Qd2 Qf8 28. Rf1
Bh6 29. Qe2 Qf5 30. Rxf3 gxf3+ 31. Qxf3 Qh3+ 32. Kg1 Rf8 33. Qd3 Bg4 34. Rf1
Be3+ 35. Nf2 0-1

[Event "V C.to Mondiale ICCD a squadre femminile"]
[Site "Abbazia CRO"]
[Date "2014.06.21"]
[Round "3.1"]
[White "Nazarova, Olga"]
[Black "Gerasimova, Olga"]
[WhiteElo "1941"]
[BlackElo "2030"]
[Result "0-1"]
[Annotator "ITA-RUS"]
[PlyCount "28"]
[EventDate "2014.06.19"]

1. e4 c5 2. Nf3 Nc6 3. d4 cxd4 4. Nxd4 g6 5. Nc3 Bg7 6. Be3 Nf6 7. Qd2 O-O 8.
Bc4 Ng4 9. Nf3 Nxe3 10. Qxe3 Qa5 11. O-O Bxc3 12. Qxc3 Qxc3 13. bxc3 d6 14. Bb3
Bd7 0-1

[Event "V C.to Mondiale ICCD a squadre femminile"]
[Site "Abbazia CRO"]
[Date "2014.06.21"]
[Round "3.2"]
[White "Kireeva, Ljubov"]
[Black "Cesar, Zdenka"]
[WhiteElo "2042"]
[BlackElo "1302"]
[Result "1-0"]
[Annotator "ITA-RUS"]
[PlyCount "56"]
[EventDate "2014.06.19"]

1. e4 e5 2. Nf3 d6 3. Bc4 h6 4. d4 Be7 5. dxe5 Be6 6. Bxe6 fxe6 7. exd6 Bxd6 8.
O-O e5 9. Nc3 Ne7 10. Nh4 g6 11. Qg4 Qd7 12. Qxd7+ Nxd7 13. Be3 Nb6 14. Rad1
O-O-O 15. Nb5 Kb8 16. b3 g5 17. Nf3 Rhf8 18. c4 Ng6 19. c5 Be7 20. cxb6 axb6
21. Nc3 Rd6 22. Nd5 Rfd8 23. Rc1 R8d7 24. h3 Nf4 25. Nxe5 Ne2+ 26. Kh1 Nxc1 27.
Nxd7+ Rxd7 28. Rxc1 Ka7 1-0

[Event "V C.to Mondiale ICCD a squadre femminile"]
[Site "Abbazia CRO"]
[Date "2014.06.22"]
[Round "4.1"]
[White "Wardziak, Ewa"]
[Black "Nazarova, Olga"]
[WhiteElo "1411"]
[BlackElo "1941"]
[Result "0-1"]
[Annotator "ITA-POL"]
[PlyCount "79"]
[EventDate "2014.06.19"]

1. e4 d6 2. Nf3 Nf6 3. Nc3 g6 4. Bc4 Bg7 5. d4 c6 6. Be3 O-O 7. Qd2 Qc7 8. Bh6
Nbd7 9. Bxg7 Kxg7 10. Bb3 b5 11. a3 a5 12. O-O Ba6 13. Rfe1 e5 14. d5 c5 15. a4
b4 16. Nb5 Bxb5 17. axb5 Rfb8 18. Ba4 Nb6 19. c4 bxc3 20. bxc3 Nxa4 21. Rxa4
Rxb5 22. h4 Rab8 23. Raa1 Qa7 24. c4 Rb4 25. Qc3 a4 26. Nd2 Qa6 27. Re3 Rb2 28.
Qc1 Qa5 29. Re2 Nxe4 30. Rxe4 Rxd2 31. Rxa4 Qxa4 32. Qxd2 f5 33. Qg5 Rb7 34.
Re1 Qxc4 35. h5 Qxd5 36. h6+ Kf7 37. Kh2 Qd4 38. Kg1 c4 39. Qd8 e4 40. Qh8 0-1

[Event "V C.to Mondiale ICCD a squadre femminile"]
[Site "Abbazia CRO"]
[Date "2014.06.23"]
[Round "5.1"]
[White "Nazarova, Olga"]
[Black "Baklanova, Tatiana"]
[WhiteElo "1941"]
[BlackElo "2230"]
[Result "1/2-1/2"]
[Annotator "ITA-UKR"]
[PlyCount "30"]
[EventDate "2014.06.19"]

1. d4 f5 2. c4 Nf6 3. Nc3 d6 4. Bg5 Nbd7 5. Bxf6 Nxf6 6. Nf3 c6 7. e3 Qc7 8.
Qc2 e5 9. dxe5 dxe5 10. e4 fxe4 11. Nxe4 Nxe4 12. Qxe4 Bb4+ 13. Nd2 Bxd2+ 14.
Kxd2 O-O 15. f3 Bf5 1/2-1/2

[Event "V C.to Mondiale ICCD a squadre femminile"]
[Site "Abbazia CRO"]
[Date "2014.06.23"]
[Round "5.2"]
[White "Myronenko, Natalya"]
[Black "Cesar, Zdenka"]
[WhiteElo "1939"]
[BlackElo "1302"]
[Result "1-0"]
[Annotator "ITA-UKR"]
[PlyCount "68"]
[EventDate "2014.06.19"]

1. e4 e5 2. Nf3 Nc6 3. Bc4 d6 4. c3 Be7 5. O-O Bd7 6. d4 h6 7. Bb3 Nf6 8. Re1
O-O 9. Nbd2 Bg4 10. h3 Bh5 11. d5 Na5 12. Bc2 b6 13. b4 Nb7 14. Nf1 Bg6 15. Ng3
Nh5 16. Nxh5 Bxh5 17. Qd3 Rc8 18. Qa6 Rb8 19. Qxa7 Bxf3 20. gxf3 Bh4 21. Qa6
Qf6 22. Qe2 Qg6+ 23. Kh2 Nd8 24. Rg1 Qh5 25. Rg4 f5 26. exf5 Rxf5 27. Bxf5 g5
28. Be6+ Kg7 29. f4 exf4 30. Bxf4 Qg6 31. Rag1 Nf7 32. Rxh4 Qf6 33. Be3 Qe5+
34. Kh1 Kg6 1-0

[Event "III Festival Scacchisti.it A"]
[Site "Acqui Terme ITA"]
[Date "2014.07.06"]
[Round "1"]
[White "Aghayev, Miragha"]
[Black "De Napoli, Giuseppe"]
[WhiteElo "2364"]
[BlackElo "1984"]
[Result "1-0"]
[PlyCount "79"]
[EventDate "2014.07.06"]

1. e4 e5 2. Nf3 Nc6 3. d4 exd4 4. Nxd4 Bc5 5. Nxc6 Qf6 6. Qf3 dxc6 7. Nd2 Be6
8. Bd3 O-O-O 9. O-O h6 10. Qg3 Qg5 11. Qf3 Qf6 12. Re1 Qxf3 13. Nxf3 Nf6 14. h3
g5 15. Be3 Bxe3 16. Rxe3 Nh5 17. Kh2 Nf4 18. Bf1 Ng6 19. Rae1 c5 20. b3 f6 21.
g3 Rhf8 22. Bd3 Ne5 23. Nd2 Nxd3 24. Rxd3 Rxd3 25. cxd3 Rd8 26. Re3 Kd7 27. f4
Ke7 28. f5 Bd7 29. Nc4 b6 30. g4 h5 31. Kg3 h4+ 32. Kf2 Bb5 33. Nb2 Kd6 34. Ke2
Ke5 35. Kd2 Rd4 36. a3 a5 37. Nd1 Be8 38. Nc3 Bc6 39. Ne2 Rd7 40. Ng1 1-0

[Event "III Festival Scacchisti.it A"]
[Site "Acqui Terme ITA"]
[Date "2014.07.06"]
[Round "1"]
[White "Altini, Nicola"]
[Black "Guidi, Giacomo G."]
[WhiteElo "2412"]
[BlackElo "2005"]
[Result "1-0"]
[PlyCount "97"]
[EventDate "2014.07.06"]

1. d4 Nf6 2. c4 e6 3. Nc3 Bb4 4. e3 O-O 5. Nge2 d5 6. a3 Bd6 7. Ng3 Re8 8. c5
Bf8 9. f4 b6 10. b4 c6 11. Bd2 a5 12. Be2 Ba6 13. O-O Bxe2 14. Qxe2 Nbd7 15.
Rfb1 Qc7 16. Rc1 axb4 17. axb4 bxc5 18. bxc5 Qb7 19. Rab1 Qa7 20. Nh1 Reb8 21.
Nf2 Rxb1 22. Rxb1 Rb8 23. Rxb8 Qxb8 24. g4 Ne8 25. Qa6 Qb2 26. Qa2 Qxa2 27.
Nxa2 Be7 28. Ba5 Kf8 29. Nb4 Nxc5 30. dxc5 Bxc5 31. Nd1 Nf6 32. h3 Bxb4 33.
Bxb4+ Ke8 34. Nf2 Nd7 35. Nd3 f6 36. Nc5 e5 37. Nxd7 Kxd7 38. f5 Kc7 39. Bf8 g6
40. Be7 gxf5 41. gxf5 d4 42. Bxf6 d3 43. Bxe5+ Kd7 44. Bc3 c5 45. e4 c4 46. e5
h5 47. Bb4 Ke8 48. e6 h4 49. f6 1-0

[Event "III Festival Scacchisti.it A"]
[Site "Acqui Terme ITA"]
[Date "2014.07.06"]
[Round "1"]
[White "Beccaris, Gabriele"]
[Black "Cebalo, Miso"]
[WhiteElo "2031"]
[BlackElo "2426"]
[Result "0-1"]
[PlyCount "58"]
[EventDate "2014.07.06"]

1. e4 c5 2. c3 d5 3. exd5 Qxd5 4. d4 g6 5. Nf3 Bg7 6. Be2 cxd4 7. cxd4 Nf6 8.
Nc3 Qa5 9. O-O O-O 10. Qb3 Nbd7 11. Rd1 Nb6 12. Ne5 Be6 13. Qb5 Qxb5 14. Nxb5
Nfd5 15. Bf3 Rfd8 16. Bd2 a6 17. Na3 Na4 18. b3 Nac3 19. Rdc1 Rac8 20. Nac4 Nb5
21. Ba5 Re8 22. Rd1 f6 23. Ng4 Nbc3 24. Bxc3 Nxc3 25. Nb6 Rcd8 26. Rd3 Bxg4 27.
Rxc3 Bxf3 28. gxf3 f5 29. Rc4 Bxd4 0-1

[Event "III Festival Scacchisti.it A"]
[Site "Acqui Terme ITA"]
[Date "2014.07.06"]
[Round "1"]
[White "Briata, Federico"]
[Black "Blechzin, Igor"]
[WhiteElo "1971"]
[BlackElo "2360"]
[Result "1-0"]
[PlyCount "75"]
[EventDate "2014.07.06"]

1. e4 c5 2. Nf3 d6 3. d4 cxd4 4. Nxd4 Nf6 5. Nc3 a6 6. Be3 g6 7. f3 Bg7 8. Qd2
b5 9. O-O-O Bb7 10. h4 h5 11. Kb1 Nbd7 12. Bd3 Nc5 13. Nb3 Nxd3 14. cxd3 Bc6
15. Rc1 Bd7 16. d4 Be6 17. d5 Bd7 18. Ne2 O-O 19. Na5 e6 20. dxe6 Bxe6 21. Nf4
Qd7 22. Rhd1 Ne8 23. Nc6 Bc4 24. Nb4 Qe7 25. Nfd5 Bxd5 26. Nxd5 Qe6 27. Nf4 Qe7
28. Nd5 Qe6 29. Nf4 Qe7 30. Nxg6 fxg6 31. Qd5+ Kh7 32. Qxa8 Nf6 33. Qc6 Rd8 34.
Bd4 Qe6 35. Bc3 b4 36. Bxb4 Rb8 37. Qxd6 Qe8 38. Bc3 1-0

[Event "III Festival Scacchisti.it A"]
[Site "Acqui Terme ITA"]
[Date "2014.07.06"]
[Round "1"]
[White "Caputi, Nicola"]
[Black "Efimov, Igor"]
[WhiteElo "1993"]
[BlackElo "2406"]
[Result "0-1"]
[PlyCount "70"]
[EventDate "2014.07.06"]

1. c4 Nf6 2. g3 e5 3. Bg2 d5 4. cxd5 Nxd5 5. Nc3 Ne7 6. Nf3 Nbc6 7. d3 h6 8.
O-O Be6 9. a3 a5 10. e3 f5 11. Qc2 g5 12. Rd1 g4 13. Nh4 Bg7 14. Bf1 O-O 15.
Rb1 Qe8 16. b4 axb4 17. axb4 Qf7 18. Bd2 Rad8 19. Nb5 Rd7 20. Rdc1 h5 21. Bc3
Nd5 22. Ng2 f4 23. Be1 fxe3 24. Nh4 Bh6 25. Rd1 exf2+ 26. Bxf2 Ncxb4 27. Qe2 c6
28. Bc5 cxb5 29. Bxb4 Rc8 30. Qxe5 Rc2 31. Be2 Be3+ 32. Kh1 Rxe2 33. Rf1 Rf2
34. Rxf2 Bxf2 35. Bd2 Ne3 0-1

[Event "III Festival Scacchisti.it A"]
[Site "Acqui Terme ITA"]
[Date "2014.07.06"]
[Round "1"]
[White "D'Agostino, Maurizio"]
[Black "Caprio, Guido"]
[WhiteElo "2011"]
[BlackElo "2415"]
[Result "0-1"]
[PlyCount "110"]
[EventDate "2014.07.06"]

1. Nf3 Nf6 2. d4 d5 3. e3 g6 4. Nbd2 Bg7 5. Be2 O-O 6. c3 Nbd7 7. b4 e5 8. Nb3
c6 9. O-O Ne4 10. Bb2 Nd6 11. dxe5 Nxe5 12. Nxe5 Bxe5 13. Nd4 Qe7 14. Re1 Rd8
15. Qb3 Be6 16. Rad1 Rac8 17. a4 Rd7 18. Bd3 f5 19. Nxe6 Qxe6 20. f3 Re8 21.
Bf1 Kg7 22. b5 Bf6 23. c4 dxc4 24. Bxf6+ Qxf6 25. Bxc4 Rde7 26. Bf1 Nf7 27. Qa3
h5 28. Qc5 cxb5 29. Bxb5 b6 30. Qd4 Qxd4 31. Rxd4 Rc8 32. Kf2 Rc3 33. Rd3 Rc5
34. Red1 Ne5 35. Rd4 Rc3 36. R1d2 Ra3 37. h3 Rc3 38. f4 Nf7 39. R4d3 Rcc7 40.
Rd5 Kf6 41. g3 Rc3 42. R5d3 Rcc7 43. Rd5 Rc3 44. R5d3 Rxd3 45. Rxd3 Rc7 46. Rd2
Ke7 47. Be2 Nd6 48. Bf3 Rc4 49. Rd4 Rc2+ 50. Kg1 Rc4 51. Bd5 Rxd4 52. exd4 b5
53. Bb3 bxa4 54. Bxa4 Ne4 55. Kg2 a5 0-1

[Event "III Festival Scacchisti.it A"]
[Site "Acqui Terme ITA"]
[Date "2014.07.06"]
[Round "1"]
[White "Del Rio Angelis, Salvador Gabriel"]
[Black "Chiarotto, Filippo"]
[WhiteElo "2520"]
[BlackElo "2059"]
[Result "1-0"]
[PlyCount "27"]
[EventDate "2014.07.06"]

1. d4 Nf6 2. c4 e6 3. Nc3 Bb4 4. e3 b6 5. Bd3 Bb7 6. Nf3 O-O 7. O-O Bxc3 8.
bxc3 Ne4 9. Ne1 f5 10. f3 Nf6 11. Qe2 Qe8 12. e4 fxe4 13. fxe4 Qh5 14. Rxf6 1-0

[Event "III Festival Scacchisti.it A"]
[Site "Acqui Terme ITA"]
[Date "2014.07.06"]
[Round "1"]
[White "Laketic, Gojko"]
[Black "Bosca, Valter Romano"]
[WhiteElo "2417"]
[BlackElo "2019"]
[Result "1-0"]
[PlyCount "57"]
[EventDate "2014.07.06"]

1. d4 Nf6 2. c4 e6 3. g3 Bb4+ 4. Bd2 Qe7 5. Bg2 O-O 6. Nf3 Ne4 7. O-O f5 8. Bc1
c6 9. c5 Ba5 10. Bf4 Na6 11. Nfd2 Nxd2 12. Nxd2 Bc7 13. Bxc7 Nxc7 14. Nc4 Ne8
15. Qa4 a6 16. Qa3 Rb8 17. Rac1 Nc7 18. Qa5 Qd8 19. Rfd1 d5 20. cxd6 Nb5 21.
Qb4 Bd7 22. f4 Be8 23. e4 Bh5 24. Rd2 g5 25. a4 Na7 26. Qb6 gxf4 27. gxf4 fxe4
28. Qxa7 Qf6 29. Qc5 1-0

[Event "III Festival Scacchisti.it A"]
[Site "Acqui Terme ITA"]
[Date "2014.07.06"]
[Round "1"]
[White "Sergeev, Vladimir"]
[Black "Sibille, Ettore"]
[WhiteElo "2447"]
[BlackElo "2033"]
[Result "1-0"]
[PlyCount "101"]
[EventDate "2014.07.06"]

1. d4 f5 2. Nc3 d5 3. Bf4 Nf6 4. e3 e6 5. Nf3 Be7 6. Nb5 Na6 7. c4 O-O 8. Nc3
Nb8 9. h3 Ne4 10. Qb3 c6 11. Bd3 Nxc3 12. bxc3 Nd7 13. a4 Nf6 14. O-O Ne4 15.
Be5 Bf6 16. Rfc1 Ng5 17. Nxg5 Bxg5 18. cxd5 exd5 19. c4 dxc4 20. Bxc4+ Kh8 21.
f4 Bf6 22. Rab1 Qe7 23. Rd1 b6 24. Rbc1 Bb7 25. a5 b5 26. Be2 a6 27. Bf3 Rac8
28. Rc5 Qd8 29. Bxf6 Qxf6 30. Rdc1 h6 31. g4 g6 32. Kg2 Rfe8 33. Qd3 Rf8 34.
Kg3 Kh7 35. gxf5 gxf5 36. Rxf5 Qg6+ 37. Bg4 Rcd8 38. Rc3 Rxf5 39. Qxf5 Rd5 40.
Qxg6+ Kxg6 41. Bf3 Rd6 42. Be4+ Kf6 43. Kf3 Re6 44. Rc5 Rd6 45. h4 Kg7 46. Ke2
Kf6 47. Kd3 Kg7 48. Bf3 Rg6 49. d5 Rg3 50. dxc6 Bc8 51. Be4 1-0

[Event "III Festival Scacchisti.it A"]
[Site "Acqui Terme ITA"]
[Date "2014.07.06"]
[Round "1"]
[White "Varvaglione, Antonio"]
[Black "Lazic, Miroljub"]
[WhiteElo "2043"]
[BlackElo "2466"]
[Result "0-1"]
[PlyCount "68"]
[EventDate "2014.07.06"]

1. e4 e5 2. Nf3 Nc6 3. Bc4 Bc5 4. c3 Nf6 5. d3 a6 6. O-O d6 7. d4 Ba7 8. dxe5
Nxe5 9. Nxe5 dxe5 10. Qxd8+ Kxd8 11. Bxf7 Rf8 12. Bc4 Nxe4 13. Be3 Bxe3 14.
fxe3 Rxf1+ 15. Kxf1 Ke7 16. Na3 Be6 17. Rd1 Rf8+ 18. Ke1 Nf2 19. Rd2 Ng4 20. h3
Nxe3 21. Bxe6 Kxe6 22. Re2 Rf1+ 23. Kd2 Nd5 24. g3 Nf6 25. Nc4 e4 26. Na5 b6
27. Nc6 Kd6 28. Nd4 c5 29. Nc2 Ke5 30. Ne3 Rg1 31. g4 b5 32. Rf2 g6 33. Nf1 Nd5
34. b3 Rh1 0-1

[Event "III Festival Scacchisti.it A"]
[Site "Acqui Terme ITA"]
[Date "2014.07.07"]
[Round "2"]
[White "Bisi, Riccardo"]
[Black "De Santis, Alessio"]
[WhiteElo "1841"]
[BlackElo "2263"]
[Result "0-1"]
[PlyCount "62"]
[EventDate "2014.07.06"]

1. e4 b6 2. d4 Bb7 3. Nc3 e6 4. a3 d6 5. f3 g6 6. Be3 Bg7 7. Qd2 Nd7 8. O-O-O
a6 9. Nge2 b5 10. h4 Nb6 11. Ng3 h5 12. f4 Nh6 13. Be2 Nc4 14. Bxc4 bxc4 15. f5
Ng4 16. fxg6 Nxe3 17. gxf7+ Kxf7 18. Rde1 Ng4 19. Kb1 Bf6 20. Qe2 Bxd4 21. Nxh5
Rxh5 22. Qxg4 Qh8 23. Ne2 Rg8 24. Qf3+ Rf5 25. Nf4 e5 26. Qe2 Rxf4 27. Qxc4+
Kg7 28. Ref1 Rgf8 29. Rxf4 Rxf4 30. Qxc7+ Rf7 31. Qxd6 Qh6 0-1

[Event "III Festival Scacchisti.it A"]
[Site "Acqui Terme ITA"]
[Date "2014.07.07"]
[Round "2"]
[White "Caprio, Guido"]
[Black "Briata, Federico"]
[WhiteElo "2415"]
[BlackElo "1971"]
[Result "1/2-1/2"]
[PlyCount "98"]
[EventDate "2014.07.06"]

1. e4 c5 2. Nf3 d6 3. d4 cxd4 4. Nxd4 Nf6 5. Nc3 a6 6. Be2 e5 7. Nb3 Be7 8. O-O
O-O 9. Be3 Be6 10. Qd3 Qc7 11. Nd5 Bxd5 12. exd5 Nbd7 13. c4 Rac8 14. Rac1 b6
15. Na1 Nc5 16. Qb1 a5 17. Nc2 Nfd7 18. Na3 f5 19. Nb5 Qd8 20. Na7 Ra8 21. Nc6
Qe8 22. f4 e4 23. g4 fxg4 24. Nxe7+ Qxe7 25. Bxg4 Qh4 26. Bxd7 Nxd7 27. Qxe4
Rae8 28. Qd3 Nc5 29. Bxc5 bxc5 30. Qf3 Qf6 31. Rf2 Qd4 32. b3 Re4 33. Qc3 Qxc3
34. Rxc3 Rexf4 35. Rxf4 Rxf4 36. Re3 Kf7 37. Kg2 g5 38. Rh3 Kg6 39. Re3 Kf7 40.
Re6 Rf6 41. Re4 h5 42. Re2 Rf4 43. Re6 Rf6 44. Re4 Rf5 45. Re6 Rf6 46. Re1 Rf4
47. Re3 Rf5 48. Rh3 Kg6 49. Re3 Kf7 1/2-1/2

[Event "III Festival Scacchisti.it A"]
[Site "Acqui Terme ITA"]
[Date "2014.07.07"]
[Round "2"]
[White "Cebalo, Miso"]
[Black "Astengo, Marcello"]
[WhiteElo "2426"]
[BlackElo "2081"]
[Result "1-0"]
[PlyCount "103"]
[EventDate "2014.07.06"]

1. d4 d5 2. c4 e6 3. Nf3 c6 4. Qc2 Nf6 5. Bg5 Nbd7 6. cxd5 exd5 7. e3 Bd6 8.
Nc3 O-O 9. Bd3 h6 10. Bh4 Re8 11. O-O-O b5 12. Kb1 Bb7 13. Bf5 b4 14. Na4 Qa5
15. b3 Qc7 16. Bg3 Ne4 17. Bxe4 dxe4 18. Nd2 Nf6 19. Rc1 Rac8 20. Bxd6 Qxd6 21.
Nc5 Qe7 22. Kb2 a5 23. Nc4 Nd5 24. Nxa5 Ba8 25. Nc4 Rc7 26. Ra1 Ra7 27. a3
bxa3+ 28. Rxa3 Rxa3 29. Kxa3 f5 30. Kb2 Bb7 31. Ra1 Ra8 32. Rxa8+ Bxa8 33. g3
Kf8 34. Qd2 Qa7 35. h4 Ke7 36. Qa5 Qxa5 37. Nxa5 Kf6 38. Nc4 g5 39. hxg5+ Kxg5
40. Ne5 h5 41. Kc2 h4 42. gxh4+ Kxh4 43. Kd2 Kg5 44. Ke2 Kf6 45. Kf1 Ke7 46.
Kg2 Kd8 47. Kg3 Kc7 48. Nc4 Bb7 49. Nxb7 Kxb7 50. Nd6+ Kb6 51. Nxf5 Kb5 52.
Nd6+ 1-0

[Event "III Festival Scacchisti.it A"]
[Site "Acqui Terme ITA"]
[Date "2014.07.07"]
[Round "2"]
[White "Damia, Angelo"]
[Black "Del Rio Angelis, Salvador Gabriel"]
[WhiteElo "2205"]
[BlackElo "2520"]
[Result "1/2-1/2"]
[PlyCount "53"]
[EventDate "2014.07.06"]

1. e4 e6 2. d4 d5 3. Nc3 Nf6 4. e5 Nfd7 5. f4 c5 6. Nf3 Nc6 7. Be3 cxd4 8. Nxd4
Bc5 9. Qd2 O-O 10. O-O-O a6 11. Nb3 b6 12. Ne2 a5 13. Ned4 Nxd4 14. Nxd4 Bxd4
15. Bxd4 Ba6 16. Kb1 Qc7 17. Bxa6 Rxa6 18. Qe2 b5 19. Qxb5 Rc6 20. Qe2 Rb8 21.
Rd3 Rb4 22. Rhd1 a4 23. b3 h6 24. Rg3 axb3 25. cxb3 Nc5 26. Bxc5 Rxc5 27. Qd2
1/2-1/2

[Event "III Festival Scacchisti.it A"]
[Site "Acqui Terme ITA"]
[Date "2014.07.07"]
[Round "2"]
[White "Drago, Paolo"]
[Black "Aghayev, Miragha"]
[WhiteElo "1888"]
[BlackElo "2364"]
[Result "0-1"]
[PlyCount "106"]
[EventDate "2014.07.06"]

1. d4 Nf6 2. c4 g6 3. Nc3 d5 4. Nf3 Bg7 5. Qb3 dxc4 6. Qxc4 O-O 7. e4 Na6 8.
Be2 c5 9. d5 e6 10. O-O exd5 11. exd5 Qb6 12. Qh4 Bf5 13. Rd1 Rfe8 14. Bb5 Red8
15. a4 Bc2 16. Rd2 Bb3 17. Bc4 Bxc4 18. Qxc4 Qb4 19. Qe2 Re8 20. Qb5 Rad8 21.
d6 Re6 22. Nd5 Nxd5 23. Rxd5 Qe4 24. Rd1 Rexd6 25. Re1 Rd1 26. Bg5 Rxa1 27.
Rxa1 Re8 28. h3 Qe6 29. Be3 Rc8 30. Rc1 Bf8 31. Nd2 Be7 32. Qc4 Nb4 33. Ne4 b6
34. b3 Qd5 35. Nd2 Qxc4 36. Nxc4 Nc6 37. Kf1 f5 38. f4 Bf6 39. a5 Rb8 40. axb6
axb6 41. Rb1 Kf7 42. Rd1 Rd8 43. Rxd8 Bxd8 44. Ke2 Ke6 45. Kd3 Nb4+ 46. Ke2 Kd5
47. Bd2 Nc6 48. Bc3 b5 49. Ne3+ Ke4 50. g3 Nd4+ 51. Bxd4 cxd4 52. Nd1 d3+ 53.
Kf2 Bb6+ 0-1

[Event "III Festival Scacchisti.it A"]
[Site "Acqui Terme ITA"]
[Date "2014.07.07"]
[Round "2"]
[White "Efimov, Igor"]
[Black "Llupa, Oltjon"]
[WhiteElo "2406"]
[BlackElo "1945"]
[Result "1-0"]
[PlyCount "103"]
[EventDate "2014.07.06"]

1. e4 c5 2. Nf3 d6 3. d4 cxd4 4. Qxd4 Nc6 5. Qe3 g6 6. Be2 Bg7 7. O-O Nf6 8. h3
Qc7 9. c4 O-O 10. Nc3 b6 11. Bd2 a6 12. Rac1 Rb8 13. Rfd1 Nd7 14. Nd5 Qd8 15.
Bc3 Nde5 16. Nxe5 Nxe5 17. f4 Nd7 18. Bxg7 Kxg7 19. e5 dxe5 20. fxe5 Nc5 21. b4
Ne6 22. c5 bxc5 23. bxc5 Re8 24. Nf6 exf6 25. Rxd8 Rxd8 26. exf6+ Kxf6 27. c6
Rd4 28. Bg4 Rbb4 29. Bxe6 Bxe6 30. Rf1+ Ke7 31. Qa3 Kd6 32. Qxa6 Rbc4 33. c7+
Kxc7 34. Rb1 Bd5 35. Qa7+ Kd6 36. Qb8+ Kd7 37. Rb6 Rc7 38. Rb2 h5 39. Qb5+ Bc6
40. Qe5 Rd6 41. Rf2 Bd5 42. Rd2 Rc5 43. a4 f6 44. Qe3 Rcc6 45. a5 g5 46. Qa7+
Ke6 47. Re2+ Kf5 48. Qh7+ Kf4 49. Qxh5 f5 50. g3+ Kxg3 51. Qxg5+ Kf3 52. Qe3#
1-0

[Event "III Festival Scacchisti.it A"]
[Site "Acqui Terme ITA"]
[Date "2014.07.07"]
[Round "2"]
[White "Kradolfer, Georg"]
[Black "Sergeev, Vladimir"]
[WhiteElo "2114"]
[BlackElo "2447"]
[Result "0-1"]
[PlyCount "63"]
[EventDate "2014.07.06"]

1. c4 b6 2. Nf3 Bb7 3. e3 e6 4. Be2 g6 5. O-O Bg7 6. d4 Nf6 7. Nc3 d5 8. b3 O-O
9. Ba3 Re8 10. Rc1 a6 11. Ne5 Nbd7 12. Nxd7 Qxd7 13. cxd5 exd5 14. Rc2 h5 15.
Bc1 Bf8 16. h3 Bd6 17. f4 Kg7 18. f5 Rf8 19. Bf3 Rae8 20. g4 hxg4 21. Bxg4 Qd8
22. Rg2 Kh8 23. Qe1 Nh7 24. Bf3 Bb4 25. fxg6 fxg6 26. Rxg6 Rg8 27. Rxg8+ Rxg8+
28. Bg4 Bc8 29. Rf4 Bd6 30. e4 dxe4 31. Qxe4 Ng5 32. Qe2 0-1

[Event "III Festival Scacchisti.it A"]
[Site "Acqui Terme ITA"]
[Date "2014.07.07"]
[Round "2"]
[White "Lazic, Miroljub"]
[Black "Yao, Stefano"]
[WhiteElo "2466"]
[BlackElo "2176"]
[Result "1-0"]
[PlyCount "73"]
[EventDate "2014.07.06"]

1. g3 Nf6 2. Bg2 d5 3. Nf3 g6 4. b3 Bg7 5. Bb2 c5 6. c4 O-O 7. cxd5 Qxd5 8. Nc3
Qd8 9. Rc1 Qa5 10. Na4 Na6 11. O-O Bd7 12. Bc3 Qd8 13. Ne1 Bxa4 14. bxa4 Qd7
15. Qb3 Nb4 16. d4 Nbd5 17. dxc5 Nxc3 18. Rxc3 Rab8 19. Nd3 Nd5 20. Rc2 e6 21.
Rd1 Qc7 22. Bxd5 exd5 23. Qxd5 Rfd8 24. Qb3 Rd4 25. Rb1 h5 26. Rc4 Rxc4 27.
Qxc4 Rd8 28. a5 Bd4 29. e3 Bg7 30. a6 b6 31. c6 h4 32. gxh4 Rd6 33. Rc1 Bf6 34.
Nb4 Qc8 35. c7 Bb2 36. Nd5 Re6 37. Rd1 1-0

[Event "III Festival Scacchisti.it A"]
[Site "Acqui Terme ITA"]
[Date "2014.07.07"]
[Round "2"]
[White "Mastrolonardo, Francesco"]
[Black "Altini, Nicola"]
[WhiteElo "1955"]
[BlackElo "2412"]
[Result "0-1"]
[PlyCount "84"]
[EventDate "2014.07.06"]

1. e4 c5 2. Nf3 e6 3. d4 cxd4 4. Nxd4 a6 5. c4 Nc6 6. Nc3 Qc7 7. Be3 Nf6 8. Be2
Bb4 9. Qb3 Nxe4 10. Nxc6 Bxc3+ 11. bxc3 Qxc6 12. Bf3 f5 13. c5 Nxc5 14. Bxc6
Nxb3 15. Bxd7+ Bxd7 16. axb3 e5 17. f4 e4 18. Ra5 Kf7 19. Kf2 Be6 20. Bd4 Rhd8
21. b4 Rac8 22. Re1 g6 23. Re2 Bc4 24. Rd2 Bb5 25. Raa2 Ke6 26. Be5 Rd3 27.
Rxd3 exd3 28. h4 Kd5 29. Ke3 Kc4 30. Kd2 Re8 31. Ra3 h6 32. Ra1 g5 33. hxg5
hxg5 34. Re1 gxf4 35. Bd4 Rxe1 36. Kxe1 Bc6 37. Kd2 Bxg2 38. Bf2 Be4 39. Ba7 f3
40. Bf2 f4 41. Bg1 Kb5 42. Bf2 b6 0-1